[Event "Hastings Masters 2022/23"]
[Site "Hastings"]
[Date "2023.01.05"]
[Round "9.4"]
[White "Gormally, Daniel W"]
[Black "Murphy, Conor E"]
[Result "1-0"]
[WhiteElo "2450"]
[BlackElo "2422"]
[PlyCount "75"]
[EventDate "2022.12.28"]
[EventType "swiss"]
[EventRounds "10"]
[EventCountry "ENG"]

1. e4 e5 2. f4 d5 3. exd5 e4 4. d3 Qxd5 5. Qe2 Nf6 6. Nc3 Bb4 7. Bd2 Bxc3 8.
Bxc3 O-O 9. Bxf6 exd3 10. Qxd3 Qxd3 11. Bxd3 gxf6 12. O-O-O Nd7 13. c3 Nc5 14.
Bc2 Re8 15. Nf3 Bg4 16. Rhf1 Re2 17. Nd4 Ree8 18. Rd2 Ne4 19. Rd3 c5 20. Nf3
Be6 21. Re1 f5 22. Nh4 Bxa2 23. Nxf5 Nf6 24. Re5 Kf8 25. Rh3 Bd5 26. Rh6 Ng8
27. Rxe8+ Rxe8 28. Rxh7 Re2 29. g4 c4 30. Rh8 f6 31. h4 Rh2 32. Nd4 Rf2 33. h5
Rxf4 34. Bf5 Rf1+ 35. Kd2 Ke7 36. h6 Nxh6 37. Rxh6 Rf2+ 38. Kc1 1-0

[Event "Hastings Masters 2022/23"]
[Site "Hastings"]
[Date "2023.01.05"]
[Round "9.5"]
[White "Ledger, Andrew J"]
[Black "Edouard, Romain"]
[Result "0-1"]
[WhiteElo "2314"]
[BlackElo "2537"]
[PlyCount "58"]
[EventDate "2022.12.28"]
[EventType "swiss"]
[EventRounds "10"]
[EventCountry "ENG"]

1. d4 f5 2. Nc3 Nf6 3. Bg5 d5 4. e3 e6 5. Nf3 Be7 6. Bd3 O-O 7. O-O c5 8. dxc5
Bxc5 9. Na4 Bd6 10. c4 e5 11. Be2 dxc4 12. Bxc4+ Kh8 13. Rc1 h6 14. Bxf6 Qxf6
15. g3 Nc6 16. Nc3 e4 17. Nd5 Qxb2 18. Nh4 Kh7 19. Bb3 g5 20. Nc3 Be5 21. f4
Bxc3 22. fxg5 Bd2 23. Qh5 Bxe3+ 24. Kh1 Bxg5 25. Rxc6 bxc6 26. Qg6+ Kh8 27.
Qxc6 Qf6 28. Qxa8 Bxh4 29. gxh4 Ba6 0-1

[Event "Hastings Masters 2022/23"]
[Site "Hastings"]
[Date "2023.01.05"]
[Round "9.6"]
[White "Grieve, Harry"]
[Black "Golding, James"]
[Result "1-0"]
[WhiteElo "2438"]
[BlackElo "2089"]
[PlyCount "83"]
[EventDate "2022.12.28"]
[EventType "swiss"]
[EventRounds "10"]
[EventCountry "ENG"]

1. e4 e5 2. Nf3 Nc6 3. Bc4 Bc5 4. c3 Nf6 5. d4 exd4 6. e5 d5 7. Bb5 Ne4 8. cxd4
Bb4+ 9. Nbd2 O-O 10. O-O Ne7 11. Bd3 Bf5 12. Qc2 Nxd2 13. Bxf5 Nxf3+ 14. gxf3
Nxf5 15. Qxf5 f6 16. Qg4 fxe5 17. dxe5 Bc5 18. Be3 Bb6 19. a4 Qe7 20. f4 d4 21.
Bd2 a5 22. Ra3 g6 23. Rg3 Kh8 24. Rh3 Rf5 25. Ra1 Bc5 26. Kh1 Qe6 27. Rg1 Kg7
28. Qh4 h5 29. Rhg3 Qd5+ 30. R1g2 Ra6 31. Qh3 Qf7 32. Rg5 Rxg5 33. Rxg5 Be7 34.
Rg2 Kh7 35. Qc8 Rb6 36. Qd7 Qe6 37. Qxd4 Rc6 38. Qd3 b6 39. b3 Rc5 40. Be3 Rd5
41. Rxg6 Qf7 42. Rf6+ 1-0

[Event "Hastings Masters 2022/23"]
[Site "Hastings"]
[Date "2023.01.05"]
[Round "9.7"]
[White "Cherniaev, Alexander"]
[Black "Ismail, Mohammed Aayan"]
[Result "1-0"]
[WhiteElo "2374"]
[BlackElo "1963"]
[PlyCount "223"]
[EventDate "2022.12.28"]
[EventType "swiss"]
[EventRounds "10"]
[EventCountry "ENG"]

1. c4 Nf6 2. g3 e6 3. Bg2 d5 4. Nf3 h6 5. O-O Bd6 6. d3 O-O 7. Nc3 dxc4 8. dxc4
Nc6 9. Nb5 Qe7 10. Nxd6 cxd6 11. b3 d5 12. cxd5 exd5 13. Bb2 Rd8 14. Nd4 Nxd4
15. Bxd4 Bd7 16. Qd2 Bc6 17. Qb2 a5 18. a4 Qe6 19. Rfc1 Ra6 20. Rc2 b5 21. Bf1
bxa4 22. bxa4 Raa8 23. Bxf6 gxf6 24. Qd4 Rd6 25. Bg2 Rad8 26. Qc5 Qe5 27. Ra3
Rb8 28. f4 Qe7 29. Qxa5 d4 30. Qc5 Bxg2 31. Kxg2 Qe4+ 32. Rf3 Re6 33. Rd2 Rd8
34. Qb5 Rc6 35. Kf2 Rc1 36. a5 Rh1 37. Kg2 Ra1 38. a6 Rc8 39. Qb7 Qe8 40. Rfd3
Qc6+ 41. Qxc6 Rxc6 42. Rxd4 Rcxa6 43. Kf3 Kg7 44. Kg4 R1a2 45. Rxa2 Rxa2 46.
Re4 Rb2 47. Re8 Ra2 48. h4 Ra3 49. e3 Ra1 50. Rd8 Ra3 51. Re8 Ra1 52. h5 Rh1
53. Rd8 Re1 54. Rd3 Rh1 55. e4 Re1 56. Kf5 Rh1 57. g4 Ra1 58. Rd6 Ra5+ 59. Rd5
Ra1 60. Rd7 Ra5+ 61. e5 fxe5 62. fxe5 Ra1 63. Rd4 Rf1+ 64. Ke4 Ra1 65. Rc4 Re1+
66. Kd5 Rd1+ 67. Rd4 Re1 68. Kd6 Re2 69. Rf4 Ra2 70. Rd4 Re2 71. Rd1 Rg2 72.
Rf1 Ra2 73. Kd5 Rd2+ 74. Ke4 Re2+ 75. Kf5 Re3 76. Rg1 Re2 77. g5 Rf2+ 78. Kg4
Re2 79. Kf4 Rf2+ 80. Ke3 Rf5 81. Ke4 Rf2 82. g6 Re2+ 83. Kd5 Rd2+ 84. Kc6 fxg6
85. Rxg6+ Kf7 86. Rxh6 Ke7 87. Rg6 Kf7 88. Kc5 Rh2 89. Rf6+ Ke7 90. h6 Rh1 91.
Ra6 Rc1+ 92. Kd5 Rd1+ 93. Ke4 Re1+ 94. Kf5 Rf1+ 95. Kg6 Rg1+ 96. Kh7 Kf7 97.
Rf6+ Ke8 98. Rg6 Rf1 99. Re6+ Kf8 100. Ra6 Rf2 101. Kg6 Ke7 102. h7 Rg2+ 103.
Kf5 Rf2+ 104. Ke4 Rf8 105. Rh6 Rh8 106. Kf5 Kf7 107. Ra6 Kg7 108. Ra7+ Kh6 109.
Rf7 Kh5 110. e6 Ra8 111. e7 Ra5+ 112. Ke4 1-0

[Event "Hastings Masters 2022/23"]
[Site "Hastings"]
[Date "2023.01.05"]
[Round "9.8"]
[White "Chan, Kim Yew"]
[Black "Bazakutsa, Svyatoslav"]
[Result "1/2-1/2"]
[WhiteElo "2289"]
[BlackElo "2318"]
[PlyCount "68"]
[EventDate "2022.12.28"]
[EventType "swiss"]
[EventRounds "10"]
[EventCountry "ENG"]

1. Nf3 Nf6 2. c4 g6 3. d4 Bg7 4. g3 O-O 5. Bg2 d6 6. Nc3 Nc6 7. O-O e5 8. dxe5
dxe5 9. Bg5 h6 10. Qxd8 Rxd8 11. Bxf6 Bxf6 12. Nd5 Kg7 13. Nxc7 Rb8 14. e4 Be7
15. Rfd1 Be6 16. Nxe6+ fxe6 17. h4 Bc5 18. Bh3 Kf6 19. Kf1 a5 20. b3 Ke7 21.
Kg2 a4 22. bxa4 Rxd1 23. Rxd1 Ra8 24. Ne1 Rxa4 25. Nd3 b6 26. Rd2 Rxc4 27. Bg4
Bd4 28. Bd1 Rc3 29. Kf1 Na5 30. Ba4 Ra3 31. Bb5 Nb7 32. Nxe5 Bxe5 33. Rd7+ Kf8
34. Rxb7 Bd4 1/2-1/2

[Event "Hastings Masters 2022/23"]
[Site "Hastings"]
[Date "2023.01.05"]
[Round "9.9"]
[White "Nagy, Gabor"]
[Black "Muir, Andrew J"]
[Result "1-0"]
[WhiteElo "2488"]
[BlackElo "2244"]
[PlyCount "83"]
[EventDate "2022.12.28"]
[EventType "swiss"]
[EventRounds "10"]
[EventCountry "ENG"]

1. c4 e6 2. Nf3 d5 3. e3 Nf6 4. b3 c5 5. Bb2 Nc6 6. cxd5 exd5 7. Bb5 Bd6 8. O-O
O-O 9. h3 Qe7 10. Bxc6 bxc6 11. d3 Ba6 12. Re1 c4 13. dxc4 dxc4 14. Nbd2 cxb3
15. axb3 Bd3 16. Qc1 Ne4 17. Ra4 Bb4 18. Nxe4 Bxe4 19. Ne5 Bd5 20. e4 Bxe1 21.
exd5 Bb4 22. Nxc6 Qe1+ 23. Qxe1 Bxe1 24. d6 Bd2 25. h4 a5 26. Re4 Rfd8 27. Nxd8
Rxd8 28. d7 Kf8 29. Re8+ Rxe8 30. Bxg7+ Ke7 31. dxe8=Q+ Kxe8 32. Kf1 Kd7 33.
Ke2 Bb4 34. Kd3 f5 35. h5 Kc6 36. Kc4 Bd6 37. Bc3 Bc7 38. f3 Bb6 39. g4 fxg4
40. fxg4 Bd8 41. Bd2 Bc7 42. g5 1-0

[Event "Hastings Masters 2022/23"]
[Site "Hastings"]
[Date "2023.01.05"]
[Round "9.10"]
[White "Lalic, Bogdan"]
[Black "Anand, Batsukh"]
[Result "1-0"]
[WhiteElo "2392"]
[BlackElo "2203"]
[PlyCount "131"]
[EventDate "2022.12.28"]
[EventType "swiss"]
[EventRounds "10"]
[EventCountry "ENG"]

1. d4 Nf6 2. c4 g6 3. g3 Bg7 4. Bg2 O-O 5. Nc3 d6 6. Nf3 c6 7. O-O Qa5 8. e4
Bg4 9. h3 Bxf3 10. Bxf3 e5 11. d5 cxd5 12. cxd5 Rc8 13. Bd2 Nbd7 14. Qe2 a6 15.
Rfc1 h5 16. h4 Qd8 17. Bg2 Rc7 18. Nd1 Rxc1 19. Rxc1 Rc8 20. Ba5 Qf8 21. Rc4
Rxc4 22. Qxc4 Qb8 23. Bc7 Qc8 24. Ne3 Ne8 25. Ba5 Qxc4 26. Nxc4 Kf8 27. Bb4 Ke7
28. Na5 b6 29. Nc6+ Kf8 30. Bd2 Nc7 31. b4 Ke8 32. a4 Bf6 33. Bh3 Be7 34. f3
Bf6 35. Kf2 Be7 36. Ke2 Bf6 37. Be3 b5 38. axb5 Nxb5 39. Kd3 Bd8 40. Nxd8 Kxd8
41. g4 Kc7 42. Bf1 Nf6 43. Be2 Kd7 44. Bg5 Ng8 45. gxh5 gxh5 46. Be3 f5 47. Bg5
Nd4 48. exf5 Nxe2 49. Kxe2 Ke8 50. Kd3 Kf7 51. Kc4 Nf6 52. Bxf6 Kxf6 53. b5
axb5+ 54. Kxb5 Kxf5 55. Kc6 Kf4 56. Kxd6 Kxf3 57. Kxe5 Kg4 58. d6 Kxh4 59. d7
Kg3 60. d8=Q h4 61. Qg5+ Kh3 62. Kf4 Kh2 63. Kf3 h3 64. Qg3+ Kh1 65. Qxh3+ Kg1
66. Qg2# 1-0

[Event "Hastings Masters 2022/23"]
[Site "Hastings"]
[Date "2023.01.05"]
[Round "9.11"]
[White "Golding, Alex"]
[Black "Okhai, Shabir"]
[Result "1-0"]
[WhiteElo "2318"]
[BlackElo "2149"]
[PlyCount "127"]
[EventDate "2022.12.28"]
[EventType "swiss"]
[EventRounds "10"]
[EventCountry "ENG"]

1. e4 e5 2. Nf3 Nc6 3. Bc4 Bc5 4. c3 Nf6 5. d3 d6 6. O-O a6 7. h3 Ba7 8. Re1 h6
9. d4 O-O 10. Bb3 Re8 11. d5 Ne7 12. Nh4 g5 13. Nf3 Ng6 14. Be3 Kh7 15. Bxa7
Rxa7 16. Nh2 Nf4 17. Nd2 Rg8 18. Ndf1 g4 19. h4 N6h5 20. g3 Nh3+ 21. Kg2 N5f4+
22. gxf4 Qxh4 23. Ng3 Nxf2 24. Qc2 Qh3+ 25. Kxf2 Qxh2+ 26. Kf1 Qxg3 27. f5 Bd7
28. Qf2 Qf4 29. Kg2 Raa8 30. Re3 Rg5 31. Rf1 Qxf2+ 32. Rxf2 Rag8 33. Bd1 f6 34.
c4 Be8 35. Rf1 Rh5 36. Be2 Rh4 37. Rg3 Rg5 38. b4 Rg7 39. Rc1 h5 40. c5 Kh6 41.
c6 bxc6 42. dxc6 Bf7 43. Bxa6 Bxa2 44. b5 d5 45. b6 cxb6 46. c7 Rxc7 47. Rxc7
dxe4 48. Rc2 Bg8 49. Bb7 Kg5 50. Rf2 b5 51. Bxe4 b4 52. Rb2 b3 53. Rf2 Kh6 54.
Rc3 g3 55. Rxg3 Rxe4 56. Rxg8 Rg4+ 57. Rxg4 hxg4 58. Rb2 Kg5 59. Rxb3 Kxf5 60.
Kg3 Kg5 61. Rb5 Kh5 62. Rb8 f5 63. Rb5 f4+ 64. Kg2 1-0

[Event "Hastings Masters 2022/23"]
[Site "Hastings"]
[Date "2023.01.05"]
[Round "9.13"]
[White "Davies, Nigel R"]
[Black "Schimnatkowski, Lukas"]
[Result "1-0"]
[WhiteElo "2398"]
[BlackElo "2194"]
[PlyCount "101"]
[EventDate "2022.12.28"]
[EventType "swiss"]
[EventRounds "10"]
[EventCountry "ENG"]

1. d4 Nf6 2. Nf3 g6 3. Bg5 Bg7 4. Nbd2 d6 5. e4 h6 6. Bh4 g5 7. Bg3 Nh5 8. c3
Nd7 9. Nc4 e6 10. Ne3 Qe7 11. Nd2 Nxg3 12. hxg3 Nf8 13. Qb3 h5 14. O-O-O Qf6
15. Bb5+ c6 16. e5 Qe7 17. Ndc4 cxb5 18. Nxd6+ Kd8 19. d5 Kc7 20. Ndf5 Qc5 21.
Nxg7 a5 22. Ne8+ Kb6 23. Nd6 a4 24. Qb4 Qxb4 25. cxb4 Rh7 26. Ne4 Ng6 27. Nxg5
Rg7 28. dxe6 Bxe6 29. Rd6+ Ka7 30. Nxe6 fxe6 31. Rxe6 h4 32. gxh4 Nf4 33. Rd6
Rc8+ 34. Kd2 Nxg2 35. Rg1 Rf8 36. Rxg2 Rxg2 37. Nxg2 Rxf2+ 38. Ke3 Rxg2 39. Rd2
Rg8 40. Kf4 Kb6 41. e6 Kc7 42. h5 b6 43. h6 Kc6 44. e7 Re8 45. h7 a3 46. bxa3
Rxe7 47. h8=Q Rf7+ 48. Ke5 Re7+ 49. Kf6 Rh7 50. Qc8+ Rc7 51. Rc2+ 1-0

[Event "Hastings Masters 2022/23"]
[Site "Hastings"]
[Date "2023.01.05"]
[Round "9.14"]
[White "Zimmermann, Klemens"]
[Black "Royset, Pal"]
[Result "0-1"]
[WhiteElo "2247"]
[BlackElo "2058"]
[PlyCount "90"]
[EventDate "2022.12.28"]
[EventType "swiss"]
[EventRounds "10"]
[EventCountry "ENG"]

1. d4 d5 2. c4 e6 3. Nc3 Nf6 4. Bg5 Be7 5. cxd5 exd5 6. e3 O-O 7. Bd3 c6 8. Qc2
Nbd7 9. Nf3 h6 10. Bh4 Nh5 11. Bxe7 Qxe7 12. O-O-O Nhf6 13. h3 Re8 14. g4 Ne4
15. Rdg1 b5 16. h4 b4 17. Na4 c5 18. dxc5 Ndxc5 19. Nxc5 Nxc5 20. Nd4 Bd7 21.
Kb1 Rec8 22. Qe2 g6 23. Bc2 a5 24. Qf3 Ra6 25. Qf4 a4 26. b3 axb3 27. Nxb3 Na4
28. Nc1 b3 29. Bxb3 Qa3 30. Qe5 Re6 31. Qd4 Nc3+ 32. Ka1 Ra6 33. Qd2 Qb4 34.
Qb2 Bb5 35. h5 g5 36. f4 Qe7 37. Bxd5 Qxe3 38. Bb3 Qxf4 39. Re1 Ra7 40. Rh3
Rac7 41. Rhe3 Nd1 42. Nd3 Qxe3 43. Rxe3 Nxb2 44. Kxb2 Rc3 45. Bxf7+ Kxf7 0-1

[Event "Hastings Masters 2022/23"]
[Site "Hastings"]
[Date "2023.01.05"]
[Round "9.15"]
[White "Rolvag, Mikael"]
[Black "Byron, Alan M"]
[Result "1/2-1/2"]
[WhiteElo "2110"]
[BlackElo "2175"]
[PlyCount "51"]
[EventDate "2022.12.28"]
[EventType "swiss"]
[EventRounds "10"]
[EventCountry "ENG"]

1. c4 Nf6 2. Nc3 g6 3. e4 d6 4. d4 Bg7 5. f3 O-O 6. Bg5 h6 7. Be3 e5 8. d5 c6
9. Qd2 cxd5 10. cxd5 Kh7 11. Nge2 a6 12. Nc1 b5 13. b4 Nbd7 14. Nb3 Nh5 15. Na5
f5 16. Bd3 Nf4 17. Bf1 Nf6 18. g3 N4h5 19. O-O-O fxe4 20. fxe4 Bd7 21. Bg2 Rc8
22. Kb2 Ng4 23. Bg1 Rf7 24. Rc1 Bf6 25. Rc2 Qf8 26. Nd1 1/2-1/2

[Event "Hastings Masters 2022/23"]
[Site "Hastings"]
[Date "2023.01.05"]
[Round "9.16"]
[White "Villiers, Thomas"]
[Black "Franco, Gaston"]
[Result "1/2-1/2"]
[WhiteElo "2141"]
[BlackElo "2051"]
[PlyCount "148"]
[EventDate "2022.12.28"]
[EventType "swiss"]
[EventRounds "10"]
[EventCountry "ENG"]

1. d4 d5 2. c4 e6 3. Nc3 Be7 4. cxd5 exd5 5. Bf4 c6 6. Qc2 Nf6 7. e3 Nbd7 8.
Bd3 O-O 9. Nf3 Re8 10. O-O Nf8 11. Rab1 Ne6 12. Be5 g6 13. b4 a6 14. a4 b6 15.
Bg3 c5 16. dxc5 bxc5 17. b5 axb5 18. Bxb5 Rf8 19. Rfd1 Bb7 20. Bc4 Qc8 21. Nxd5
Bxd5 22. Rxd5 Qc6 23. Re5 Qxa4 24. Bb3 Qa6 25. Ng5 Nxg5 26. Rxe7 Rac8 27. h4 c4
28. hxg5 Nd5 29. Rd7 cxb3 30. Qxb3 Nc3 31. Qb6 Qa4 32. Ra7 Qg4 33. Rb4 Qd1+ 34.
Kh2 Ne2 35. Rb1 Rc1 36. Rxc1 Qxc1 37. Qf6 Qg1+ 38. Kh3 Qh1+ 39. Bh2 Ng1+ 40.
Kg3 Ne2+ 41. Kf3 Qxh2 42. Kxe2 Qxg2 43. Ra4 Ra8 44. Rxa8+ Qxa8 45. Qe5 Qc6 46.
e4 Qc2+ 47. Ke3 Qc1+ 48. Kf3 Qd1+ 49. Kf4 Qc1+ 50. Kg4 h5+ 51. gxh6 Qxh6 52.
Qb8+ Kg7 53. Qe5+ Kg8 54. Qg5 Qh1 55. Qd8+ Kg7 56. Qd4+ Kg8 57. Kf4 Qh6+ 58.
Kf3 Qh3+ 59. Ke2 Qh5+ 60. Ke1 Qa5+ 61. Kd1 Qh5+ 62. Kd2 Qa5+ 63. Qc3 Qa2+ 64.
Ke3 Qe6 65. Qc5 Qb3+ 66. Kf4 Qh3 67. Qd5 Qh2+ 68. Ke3 Qg1 69. Ke2 Qg4+ 70. f3
Qg2+ 71. Ke3 Qg1+ 72. Kf4 Qh2+ 73. Ke3 Qg1+ 74. Ke2 Qg2+ 1/2-1/2

[Event "Hastings Masters 2022/23"]
[Site "Hastings"]
[Date "2023.01.05"]
[Round "9.17"]
[White "Hutchinson, Paul A"]
[Black "White, Stuart A"]
[Result "0-1"]
[WhiteElo "2135"]
[BlackElo "2021"]
[PlyCount "80"]
[EventDate "2022.12.28"]
[EventType "swiss"]
[EventRounds "10"]
[EventCountry "ENG"]

1. d4 d5 2. Bf4 c5 3. e3 Nc6 4. Nf3 Nf6 5. Nbd2 Qb6 6. dxc5 Qxb2 7. Rb1 Qc3 8.
Bb5 g6 9. e4 dxe4 10. Be5 Qa5 11. O-O exf3 12. Qxf3 Qxb5 13. Rxb5 Nxe5 14. Qe2
Nc6 15. Nc4 Be6 16. Rxb7 Bg7 17. Rc7 Nd4 18. Qd3 Nd5 19. Rxe7+ Kxe7 20. Re1
Rhd8 21. Nd6 Kf8 22. h4 Nf5 23. Nb7 Rd7 24. c6 Rc7 25. c4 Nde7 26. Rd1 Nxc6 27.
g4 Nfd4 28. Nc5 Rd8 29. Rb1 Kg8 30. Nxe6 Nxe6 31. Qe3 Rcd7 32. h5 Rd1+ 33. Rxd1
Rxd1+ 34. Kg2 Rd4 35. f3 Be5 36. Qb3 Rd2+ 37. Kf1 Bg3 38. Qb7 Rf2+ 39. Kg1 Ncd4
40. Qb8+ Bxb8 0-1

[Event "Hastings Masters 2022/23"]
[Site "Hastings"]
[Date "2023.01.05"]
[Round "9.18"]
[White "Pollack, Oscar"]
[Black "Wilson, Matthew R"]
[Result "1-0"]
[WhiteElo "2112"]
[BlackElo "1722"]
[PlyCount "49"]
[EventDate "2022.12.28"]
[EventType "swiss"]
[EventRounds "10"]
[EventCountry "ENG"]

1. Nf3 Nf6 2. d4 d5 3. e3 e6 4. Bd3 b6 5. b3 Bb7 6. Bb2 Nbd7 7. O-O Be7 8. Nbd2
c5 9. Ne5 O-O 10. Qf3 Qc7 11. Qh3 Nxe5 12. dxe5 Ne4 13. f3 Ng5 14. Qh5 g6 15.
Qh6 d4 16. f4 dxe3 17. fxg5 exd2 18. Rf4 Qc6 19. Bf1 f5 20. exf6 Rf7 21. fxe7
Rxe7 22. Rd1 Rd8 23. Rxd2 Rde8 24. Rdf2 Qc8 25. Rh4 1-0

[Event "Hastings Masters 2022/23"]
[Site "Hastings"]
[Date "2023.01.05"]
[Round "9.19"]
[White "Waldhausen Gordon, Frederick"]
[Black "Britton, Richard L"]
[Result "1-0"]
[WhiteElo "2069"]
[BlackElo "2091"]
[PlyCount "67"]
[EventDate "2022.12.28"]
[EventType "swiss"]
[EventRounds "10"]
[EventCountry "ENG"]

1. d4 Nf6 2. c4 e6 3. Nc3 Bb4 4. e3 O-O 5. Nge2 c6 6. a3 Ba5 7. b4 Bc7 8. e4 d6
9. h3 a5 10. Be3 e5 11. d5 cxd5 12. exd5 axb4 13. axb4 Rxa1 14. Qxa1 Na6 15.
Qb1 Nd7 16. Nb5 f5 17. Nec3 Nf6 18. Bd3 g6 19. Bh6 Rf7 20. O-O Bb6 21. Na4 Bc7
22. Rd1 Ne8 23. f4 Bb6+ 24. Nxb6 Qxb6+ 25. Kh2 e4 26. Be2 Bd7 27. Rc1 Bxb5 28.
cxb5 Nac7 29. Qa1 Rd7 30. Rc2 Qe3 31. Bc4 Kf7 32. Qh8 Ke7 33. Qxh7+ Kd8 34.
Qxg6 1-0

[Event "Hastings Masters 2022/23"]
[Site "Hastings"]
[Date "2023.01.05"]
[Round "9.20"]
[White "Arnott, Jonathan W"]
[Black "Latzke, Boris"]
[Result "0-1"]
[WhiteElo "2063"]
[BlackElo "2194"]
[PlyCount "180"]
[EventDate "2022.12.28"]
[EventType "swiss"]
[EventRounds "10"]
[EventCountry "ENG"]

1. e4 e5 2. Nf3 Nc6 3. Bb5 a6 4. Bxc6 dxc6 5. O-O f6 6. d4 exd4 7. Nxd4 c5 8.
Nf5 Qxd1 9. Rxd1 Bd7 10. Bf4 O-O-O 11. Ne3 Ne7 12. Nc3 Ng6 13. Bg3 Re8 14. Ned5
Ne5 15. f4 Nf7 16. Rd2 Bc6 17. Re1 b5 18. e5 b4 19. Nd1 fxe5 20. fxe5 Ng5 21.
c4 bxc3 22. N1xc3 Ne6 23. Nf4 Nd4 24. Bf2 Be7 25. Ne4 Rhf8 26. Nd3 Ne6 27.
Nexc5 Rxf2 28. Rxf2 Nxc5 29. Nb4 Bb7 30. Rf7 Ne6 31. Nd3 Bg5 32. g3 Bd5 33. Nb4
Bb7 34. Rd1 Be3+ 35. Kf1 Nd4 36. Rd3 a5 37. Rxe3 axb4 38. Re1 Bd5 39. Rf4 c5
40. Rc1 Ne6 41. Rxb4 Bxa2 42. b3 Kc7 43. Rc3 Kc6 44. Ra4 Bb1 45. Ra1 Rf8+ 46.
Ke1 Be4 47. b4 Kd5 48. bxc5 Nd4 49. Ra2 Kxe5 50. Ra4 Bc6 51. Ra7 Ne6 52. Ra6
Rc8 53. Re3+ Kd5 54. Ra7 Rf8 55. Re7 Rf6 56. Kd2 h6 57. Kc3 g5 58. h3 Nxc5 59.
h4 g4 60. R7e5+ Kd6 61. Rh5 Bf3 62. Kd4 Ne6+ 63. Kc3 Ng7 64. Ra5 Nf5 65. Ra6+
Bc6 66. Re4 h5 67. Rc4 Ne7 68. Rd4+ Ke5 69. Rd1 Nd5+ 70. Kd2 Nb4 71. Ra5+ Bd5
72. Kc3 Na2+ 73. Kb2 Rf2+ 74. Ka1 Nc3 75. Re1+ Kd4 76. Ra7 Re2 77. Rg1 Rd2 78.
Ra3 Bf3 79. Ra5 Ke3 80. Ra3 Kf2 81. Rc1 Ne2 82. Rc5 Nxg3 83. Raa5 Kg2 84. Kb1
Kh3 85. Kc1 Re2 86. Kd1 Kxh4 87. Kc1 Kh3 88. Re5 h4 89. Rxe2 Nxe2+ 90. Kd2 Kg2
0-1

[Event "Hastings Masters 2022/23"]
[Site "Hastings"]
[Date "2023.01.05"]
[Round "9.21"]
[White "Hryshchenko, Kamila"]
[Black "Jacobs, Robert"]
[Result "1-0"]
[WhiteElo "2139"]
[BlackElo "1905"]
[PlyCount "65"]
[EventDate "2022.12.28"]
[EventType "swiss"]
[EventRounds "10"]
[EventCountry "ENG"]

1. e4 c5 2. d3 g6 3. f4 Bg7 4. Nf3 Nc6 5. c3 d6 6. Be2 Nf6 7. O-O O-O 8. Kh1
Bg4 9. h3 Bd7 10. Qe1 e6 11. g4 Ne8 12. Be3 f5 13. Nbd2 b6 14. Qg3 Qe7 15. Rae1
Kh8 16. Bd1 Qd8 17. Rg1 Nf6 18. Bc2 Qc7 19. Qh4 Ne7 20. Ng5 Kg8 21. gxf5 gxf5
22. Bb3 d5 23. e5 Ng6 24. Qg3 Ne8 25. Nxh7 Kxh7 26. Qxg6+ Kg8 27. Nf3 Rf7 28.
Ng5 Re7 29. d4 Qc6 30. Bd1 Nc7 31. Nh7 Be8 32. Nf6+ Kf8 33. Qh7 1-0

[Event "Hastings Masters 2022/23"]
[Site "Hastings"]
[Date "2023.01.05"]
[Round "9.22"]
[White "Eames, Robert S"]
[Black "Banerjee, Supratit"]
[Result "1-0"]
[WhiteElo "2136"]
[BlackElo "1541"]
[PlyCount "133"]
[EventDate "2022.12.28"]
[EventType "swiss"]
[EventRounds "10"]
[EventCountry "ENG"]

1. e4 e6 2. d4 d5 3. e5 c5 4. c3 Nc6 5. Nf3 Qb6 6. Bd3 Bd7 7. dxc5 Bxc5 8. O-O
a5 9. Nbd2 a4 10. b4 axb3 11. Nxb3 Ba3 12. Nbd4 Bxc1 13. Qxc1 Nxd4 14. cxd4 Ne7
15. Rb1 Qc6 16. Qg5 Ng6 17. Rfc1 Qa4 18. Rxb7 O-O 19. h4 h6 20. Qd2 Bc8 21.
Rbc7 Ba6 22. Bxa6 Rxa6 23. h5 Nh8 24. R1c2 Rb6 25. g4 Rb1+ 26. Rc1 Rxc1+ 27.
Rxc1 Ra8 28. Rc2 Rb8 29. Kg2 Qa6 30. Qc1 Kh7 31. Rb2 Rc8 32. Qb1+ g6 33. Rb7
Kg7 34. Qb4 gxh5 35. g5 Rc1 36. gxh6+ Kh7 37. Rxf7+ Nxf7 38. Qf8 Qf1+ 39. Kg3
h4+ 40. Kf4 Qg2 41. Qxf7+ Kxh6 42. Qxe6+ Qg6 43. Qxg6+ Kxg6 44. Nxh4+ Kf7 45.
Kf5 Rc2 46. f4 Rxa2 47. Nf3 Ra3 48. Ng5+ Ke7 49. Kg6 Rd3 50. f5 Rxd4 51. f6+
Kd7 52. Kf7 Rd2 53. e6+ Kd6 54. e7 Re2 55. e8=Q Rxe8 56. Kxe8 d4 57. f7 d3 58.
f8=Q+ Kd5 59. Qf4 Kc5 60. Nf3 Kb5 61. Qd4 d2 62. Nxd2 Kc6 63. Kd8 Kb5 64. Kc7
Ka5 65. Qb6+ Ka4 66. Kc6 Ka3 67. Qb3# 1-0

[Event "Hastings Masters 2022/23"]
[Site "Hastings"]
[Date "2023.01.05"]
[Round "9.23"]
[White "Marusenko, Petr"]
[Black "Finn, Peter"]
[Result "1-0"]
[WhiteElo "2041"]
[BlackElo "2123"]
[PlyCount "81"]
[EventDate "2022.12.28"]
[EventType "swiss"]
[EventRounds "10"]
[EventCountry "ENG"]

1. d4 d5 2. c4 c6 3. Nf3 Nf6 4. e3 e6 5. Nc3 Nbd7 6. Qc2 Bd6 7. b3 O-O 8. Bd3
b6 9. O-O Bb7 10. Bb2 Qe7 11. e4 dxe4 12. Nxe4 Nxe4 13. Bxe4 Nf6 14. Bd3 Ba3
15. Bc3 Bb4 16. Rfe1 Rfd8 17. Rad1 a5 18. Ne5 Bxc3 19. Qxc3 Qb4 20. Qc1 a4 21.
a3 Qf8 22. b4 c5 23. dxc5 bxc5 24. b5 Rd4 25. Bc2 Qd6 26. Rxd4 Qxd4 27. Qe3 Rd8
28. Qxd4 Rxd4 29. Rd1 Rxd1+ 30. Bxd1 Ne4 31. Nd3 Nc3 32. Nxc5 Nxd1 33. Nxb7 Kf8
34. Nc5 Nc3 35. b6 Ne2+ 36. Kf1 Nd4 37. b7 Nc6 38. Nd7+ Ke7 39. b8=Q Nxb8 40.
Nxb8 Kd6 41. Ke2 1-0

[Event "Hastings Masters 2022/23"]
[Site "Hastings"]
[Date "2023.01.05"]
[Round "9.24"]
[White "Dette, Jan"]
[Black "Payne, Matthew J"]
[Result "1/2-1/2"]
[WhiteElo "2037"]
[BlackElo "2116"]
[PlyCount "97"]
[EventDate "2022.12.28"]
[EventType "swiss"]
[EventRounds "10"]
[EventCountry "ENG"]

1. e4 e6 2. d4 d5 3. Nd2 c5 4. exd5 Qxd5 5. Ngf3 cxd4 6. Bc4 Qd6 7. O-O Nf6 8.
Nb3 Nc6 9. Nbxd4 Nxd4 10. Nxd4 a6 11. Re1 Qc7 12. Bb3 Bd6 13. Nf5 Bxh2+ 14. Kh1
O-O 15. Nxg7 Rd8 16. Qf3 Kxg7 17. Bh6+ Kg6 18. c3 Nh5 19. Bc1 Bf4 20. g4 Ng3+
21. fxg3 Bxc1 22. Raxc1 Bd7 23. Kh2 Bc6 24. Qe3 Qe7 25. Rf1 Rd6 26. Bc2+ Kg7
27. Rf2 Rf8 28. Rcf1 Rd5 29. Be4 Qg5 30. Rf4 Rb5 31. Bxc6 bxc6 32. b3 Re5 33.
Qd4 c5 34. Qd3 h5 35. Qf3 f6 36. Kg2 Rf7 37. gxh5 Qxh5 38. Qxh5 Rxh5 39. Ra4
Ra7 40. Rd1 a5 41. Rd6 Kf7 42. Re4 a4 43. Rexe6 Rf5 44. Ra6 Rd7 45. Red6 Re7
46. Rxa4 Re2+ 47. Kh3 Re3 48. Rd7+ Ke6 49. Rd2 1/2-1/2

[Event "Hastings Masters 2022/23"]
[Site "Hastings"]
[Date "2023.01.05"]
[Round "9.25"]
[White "Southcott-Moyers, Indy"]
[Black "Hng, Mei-En Emmanuelle"]
[Result "1-0"]
[WhiteElo "1870"]
[BlackElo "2057"]
[PlyCount "85"]
[EventDate "2022.12.28"]
[EventType "swiss"]
[EventRounds "10"]
[EventCountry "ENG"]

1. d4 Nf6 2. c4 e6 3. Nf3 c5 4. d5 exd5 5. cxd5 d6 6. Nc3 g6 7. h3 Bg7 8. Bf4
O-O 9. e3 Na6 10. Be2 Nc7 11. a4 b6 12. e4 Re8 13. Nd2 Ba6 14. Bxa6 Nxa6 15.
O-O Nb4 16. Bh2 a6 17. Qb1 Nh5 18. Nc4 Be5 19. Bxe5 dxe5 20. g3 Rb8 21. Na2 b5
22. Nxb4 bxc4 23. Nc6 Qc8 24. Nxb8 Qxh3 25. Ra3 Rxb8 26. Qd1 Rxb2 27. Qf3 Rb3
28. Rxb3 cxb3 29. Qxb3 Kg7 30. Qb2 f6 31. Qe2 c4 32. d6 c3 33. Rd1 c2 34. Qxc2
Nf4 35. gxf4 exf4 36. f3 Qxf3 37. d7 Qg4+ 38. Kf1 Qf3+ 39. Ke1 Qh1+ 40. Kd2 Qh3
41. Kc1 Qa3+ 42. Kb1 Qb4+ 43. Ka2 1-0

[Event "Hastings Masters 2022/23"]
[Site "Hastings"]
[Date "2023.01.05"]
[Round "9.26"]
[White "Bezuidenhout, Roland"]
[Black "Jukes, Sam"]
[Result "0-1"]
[WhiteElo "2265"]
[BlackElo "1928"]
[PlyCount "88"]
[EventDate "2022.12.28"]
[EventType "swiss"]
[EventRounds "10"]
[EventCountry "ENG"]

1. e4 c5 2. Nf3 Nc6 3. Bb5 g6 4. Bxc6 dxc6 5. d3 Bg7 6. h3 e5 7. O-O Ne7 8. a3
h6 9. b4 cxb4 10. axb4 Be6 11. Bb2 Qc7 12. Qe1 O-O 13. Qc3 g5 14. Na3 Ng6 15.
Nc4 Nf4 16. Kh2 Qc8 17. Ng1 f5 18. exf5 Bxf5 19. Nd6 Qd7 20. Nxf5 Rxf5 21. Qc4+
Kh8 22. Qe4 h5 23. Nf3 Raf8 24. Nxe5 Qd6 25. Nc4 Qc7 26. Bxg7+ Kxg7 27. g3 Nd5
28. Kg2 h4 29. Qd4+ Kh7 30. Qg4 b5 31. Ne3 Rxf2+ 32. Kg1 Qf7 33. Qe4+ Kg8 34.
Rfe1 Nc3 35. Qg4 Qf6 36. gxh4 Ne2+ 37. Kh1 Qf3+ 38. Qxf3 R8xf3 39. Rxe2 Rxh3+
40. Kg1 Rxe2 41. Nf5 gxh4 42. Rxa7 Rxc2 43. Nd4 Rc1+ 44. Kf2 Rxd3 0-1